Statistics for Countries by Musical Act #1

Click here to take the quiz!

General Stats

  • This quiz has been taken 27 times
  • The average score is 9 of 15

Answer Stats

HintAnswer% Correct
ABBASweden
96%
RammsteinGermany
92%
AC/DCAustralia
88%
U2Ireland
88%
Carlos SantanaMexico
80%
a-haNorway
76%
AquaDenmark
68%
The CranberriesIreland
68%
RushCanada
64%
RoxetteSweden
48%
FalcoAustria
44%
Icona PopSweden
24%
VengaboysThe Netherlands
24%
Pseudo EchoAustralia
12%
Eiffel 65Italy
12%

Score Distribution

Percentile by Number Answered

Percent of People with Each Score

Your Score History

You have not taken this quiz